[Event "Fagernes TV2 Elo op"]
[Site "Fagernes"]
[Date "2017.04.15"]
[Round "8"]
[White "Syse, Knut"]
[Black "Rasmussen, Jonas H"]
[Result "0-1"]
[WhiteElo "1534"]
[BlackElo "1859"]
[PlyCount "76"]
[EventDate "2017.04.09"]
[EventType "swiss"]
[EventRounds "9"]
[EventCountry "NOR"]
[SourceTitle "CBM 177 Extra"]
[Source "ChessBase"]
[SourceDate "2017.04.27"]
[SourceVersion "1"]
[SourceVersionDate "2017.04.27"]
[SourceQuality "1"]

1. d4 Nf6 2. c4 c5 3. d5 b5 4. cxb5 a6 5. bxa6 g6 6. Nc3 Bxa6 7. e4 Bxf1 8. Kxf1 d6 9. g3 Bg7 10. Kg2 0-0 11. Nge2 Nbd7 12. Qc2 Qa5 13. h4 Rfb8 14. Nf4 Nb6 15. h5 Na4 16. hxg6 hxg6 17. Nxa4 Qxa4 18. Qxa4 Rxa4 19. e5 dxe5 20. Nd3 c4 21. Nxe5 Nxd5 22. f4 Bxe5 23. fxe5 Nb4 24. Bd2 Rxa2 25. Bxb4 Rxb2+ 26. Kf3 R8xb4 27. Ra8+ Rb8 28. Rxb8+ Rxb8 29. Rc1 Rc8 30. Rc3 Kg7 31. Ke4 Rc7 32. Kd4 Rd7+ 33. Kxc4 Rc7+ 34. Kd4 Rxc3 35. Kxc3 f6 36. e6 f5 37. Kd4 Kf6 38. Kd5 g5 0-1

[Event "Asker CC-ch Class A"]
[Site "Asker"]
[Date "2016.01.11"]
[Round "1"]
[White "Syse, Knut"]
[Black "Flatrud, Bjorn"]
[Result "1/2-1/2"]
[WhiteElo "1313"]
[BlackElo "870"]
[PlyCount "53"]
[EventDate "2016.01.11"]
[EventType "swiss"]
[EventRounds "9"]
[EventCountry "NOR"]
[SourceTitle "EXT 2024"]
[Source "ChessBase"]
[SourceDate "2023.10.10"]
[SourceVersion "1"]
[SourceVersionDate "2023.10.10"]
[SourceQuality "1"]

1. e4 e6 2. d4 d5 3. Nc3 c5 4. exd5 exd5 5. dxc5 Be6 6. Bf4 a6 7. Bxb8 Rxb8 8. c6 bxc6 9. Rb1 Qa5 10. Nge2 Bb4 11. Qd4 Nf6 12. Kd1 0-0 13. a3 Bxc3 14. Qxc3 Qxc3 15. Nxc3 Ng4 16. Ke1 d4 17. Nd1 a5 18. h3 Rfe8 19. Be2 Bc4 20. hxg4 d3 21. Nc3 dxe2 22. b3 Ba6 23. a4 Rb4 24. f3 Rd4 25. Ne4 Red8 26. Nc3 Rd2 27. Rc1 1/2-1/2

[Event "Konnerud GP B"]
[Site "Konnerud"]
[Date "2015.11.21"]
[Round "2"]
[White "Sebastian, Andreas"]
[Black "Syse, Knut"]
[Result "0-1"]
[WhiteElo "1489"]
[BlackElo "1550"]
[PlyCount "34"]
[EventDate "2015.11.21"]
[EventType "swiss"]
[EventRounds "5"]
[EventCountry "NOR"]
[SourceTitle "EXT 2024"]
[Source "ChessBase"]
[SourceDate "2023.10.10"]
[SourceVersion "1"]
[SourceVersionDate "2023.10.10"]
[SourceQuality "1"]

1. e4 e5 2. Nf3 Nc6 3. d4 exd4 4. Nxd4 Bb4+ 5. Nc3 Qh4 6. Nxc6 Bxc3+ 7. bxc3 Qxe4+ 8. Qe2 Qxe2+ 9. Bxe2 dxc6 10. Ba3 Be6 11. Rb1 0-0-0 12. Ba6 bxa6 13. Bc5 Nf6 14. Bxa7 Bxa2 15. Rb4 Rhe8+ 16. Be3 Nd5 17. Ra4 Nxc3 0-1